| 000 | 00826nam a22002177a 4500 | ||
|---|---|---|---|
| 005 | 20240530110519.0 | ||
| 008 | 160215s2013 ua a g b 000 0 ara d | ||
| 017 |
_a1433/7774 _bالسعودية . مكتبة الملك فهد الوطنية |
||
| 020 | _a9786038120217 | ||
| 040 | _aEG-CaGPL | ||
| 082 | 0 | 4 |
_221 _a371.91\ _bع ت |
| 100 | 0 | _aعلى احمد سيد مصطفى . | |
| 245 | 1 | 2 |
_aالتدخل المبكر و استراتيجيات الدمج / _cعلى احمد سيد مصطفى ، عبدالله عبدالظاهر . |
| 250 | _aط1. | ||
| 260 |
_aالرياض : _bدار الزهراء ، _c2013 . |
||
| 300 |
_a476 ص ؛ _c24 سم . |
||
| 504 | _aببليوجرافية : ص 459 - 469 | ||
| 650 | 0 | 4 |
_aالمعوقون _xتعليم . |
| 942 |
_2ddc _cBK |
||
| 999 |
_c61848 _d61848 |
||